Biblioteca

Injustice made legal : (Registro nro. 67569)

Detalles MARC
000 -LÍDER
Campo fijo de descripción fija 04205cam a2200349 i 4500
001 - NÚMERO DE CONTROL
Campo de control 768714001
003 - IDENTIFICADOR DEL NÚMERO DE CONTROL
Campo de control CO-MdFUSB
005 - FECHA Y HORA DE LA ULTIMA TRANSACCIÓN
control field 20220425104010.0
007 - CAMPO FIJO DE DESCRIPCIÓN FIJA--INFORMACIÓN GENERAL
Campo fijo de descripción fija ta
008 - ELEMENTOS DE LONGITUD FIJA -- INFORMACIÓN GENERAL
Campo fijo de descripción fija -- Información general 020522t20022002miu b 001 0 eng
020 ## - NÚMERO INTERNACIONAL NORMALIZADO PARA LIBROS
Número Internacional Normalizado del libro 0802839096
040 ## - FUENTE DE CATALOGACIÓN
Agencia de catalogación original DLC
Agencia que realiza la transcripción CO-MdFUSB
Agencia que realiza la modificación YDX
-- UtOrBLW
Idioma de catalogación spa
Convenciones de la descripción rda
041 ## - CÓDIGO DE IDIOMA
Código de idioma para texto/pista de sonido o título separado eng
082 ## - NÚMERO DE CLASIFICACIÓN DECIMAL DEWEY
Número de la edición del Dewey 23
Número de clasificación 222.15067
Clave de autor-Numero de item B471
100 1# - ASIENTO PRINCIPAL--NOMBRE PERSONAL
Nombre personal Bennett, Harold V.,
Fechas asociadas con el nombre 1962-
Término relacionador autor
245 10 - TÍTULO
Título del Material Injustice made legal :
Parte restante del título - Subtitulo Deuteronomic law and the plight of widows, strangers, and orphans in ancient Israel /
Mención de responsabilidad, etc. Harold V. Bennett.
264 #1 - PRODUCCIÓN, PUBLICACIÓN, DISTRIBUCIÓN, MANUFACTURA, Y COPYRIGHT
Lugar de producción, publicación, distribución, manufactura Grand Rapids, MI :
Nombre del productor, publicador, distribuidor Eerdmans,
Fecha de producción, publicación, distribución, manufactura, o copyright [2002]
264 #4 - PRODUCCIÓN, PUBLICACIÓN, DISTRIBUCIÓN, MANUFACTURA, Y COPYRIGHT
Fecha de producción, publicación, distribución, manufactura, o copyright ©2002.
300 ## - DESCRIPCIÓN FÍSICA
Extensión 209 páginas ;
Dimensiones 24 cm.
336 ## - TIPO DE CONTENIDO
Término de tipo de contenido texto
Código de tipo de contenido txt
Fuente rdacontent.
337 ## - TIPO DE MEDIO
Nombre del tipo de medio sin mediación
Código del tipo de medio n
Fuente rdamedia.
338 ## - TIPO DE SOPORTE
Nombre del tipo de soporte volumen
Código Tipo de soporte nc
Fuente rdacarrier.
490 1# - MENCIÓN DE SERIE
Mención de serie Bible in its world.
504 ## - NOTA DE BIBLIOGRAFÍA, ETC.
Nota de bibliografía, etc Incluye referencias bibliográficas (páginas 177-200) e índices.
505 ## - NOTA DE CONTENIDO
Nota de contenido con formato preestablecido 1. Prolegómeno --<br/>Historia de la erudición --<br/>Crítica y tesis --<br/>Consideraciones metodológicas --<br/>Ordenación. 2. Textos y términos --<br/>Delineando a la viuda, forastero y huérfano e identificando su ubicación socioeconómica --<br/>Introducción --<br/>La viuda en el código deuteronómico3. Textos y adjudicación --<br/>Examinar las innovaciones en las leyes de viuda, extranjero y huérfano en el código deuteronómico --<br/>Introducción --<br/>Cuestiones críticas para comprender las leyes sobre diezmos en DC --<br/>a. Leyes sobre diezmos y viudas, forasteros y huérfanos en DC --<br/>b. Resumen --<br/>Cuestiones críticas para comprender las leyes sobre las principales peregrinaciones de culto en DC --<br/>un. Leyes sobre las principales peregrinaciones de culto y viudas, extranjeros y huérfanos en DC --<br/>b. Resumen --<br/>Temas críticos para comprender las leyes contra la privación de protección legal a viudas, extranjeros y huérfanos en DC --<br/>a. Leyes sobre los derechos de viudas, extranjeros y huérfanos en el DC --<br/>Temas críticos para entender las leyes sobre espigas en el DC --<br/>a. Leyes sobre espigas y viudas, forasteros y huérfanos en DC --<br/>Resumen. 4. Textos e interpretación --<br/>Deuteronomio y la opresión de las viudas, forasteros y huérfanos en las comunidades bíblicas --<br/>Sobre la opresión en las comunidades bíblicas --<br/>a. El marco teórico --<br/>b. El significado de la opresión con respecto a las viudas, los extranjeros y los huérfanos.<br/>C. Deuteronomio y la opresión de las viudas, los extranjeros y los huérfanos --<br/>d. Asistencia periódica y opresión de viudas, forasteros y huérfanos en las comunidades bíblicas -- e. Seguridad para préstamos y discriminación contra las viudas en las comunidades bíblicas -- f. Espigar reglamentos y el dilema de viudas, forasteros y huérfanos en las comunidades bíblicas -- g. Resumen. 5. Textos y contextos -- Las matrices sociales de las leyes de viuda, extranjero y huérfano en el código deuteronómico -- Introducción -- El entorno político.
520 ## - NOTA DE RESUMEN, ETC.
Nota de sumario, etc. "Las leyes bíblicas que tratan con las viudas, los extranjeros y los huérfanos se ven convencionalmente como reglas destinadas a ayudar a las personas vulnerables en la antigua sociedad israelita. En Injustice Made Legal, Harold V. Bennett desafía esta perspectiva, argumentando en cambio que las sanciones clave que se encuentran en Deuteronomio en realidad fueron redactados por una élite poderosa para mejorar su propia condición material y mantener al campesinado abajo". "Construyendo su caso sobre un análisis cuidadoso de la vida en el mundo antiguo y sobre su comprensión de la teoría crítica de la ley, Bennett ve la ley deuteronómica a través de los ojos de los necesitados en la sociedad israelita. Su enfoque único descubre el vínculo previamente descuidado entre los intereses político-económicos y la formulación de la ley. El resultado es una nueva comprensión de la ley en la Biblia hebrea y las formas en que funcionaba para apoyar y mantener la deshumanización de las viudas, los extranjeros y los huérfanos en la comunidad bíblica"
563 ## - NOTA DE ENCUADERNACIÓN
Nota de encuadernación Rústico
630 #7 - TITULO UNIFORME
Título uniforme Biblia.
Nombre de parte o sección de la obra Deuteronomio
Subdivisión de materia general Crítica, interpretación, etc.
942 ## - TIPO DE MATERIAL (KOHA)
Tipo de Item KOHA Libros General
945 ## - INFORMACIÓN LOCAL DEL REGISTRO
Catalogador JTF-925
Existencias
Estado de Material Estado de Perdido Forma de Clasificación Estado de Dañado No para Préstamo Colección Biblioteca de Origen Biblioteca Permanente Fecha de Adquisición Área Total de Préstamos Signatura Topográfica Código de Barras Última vez visto Ejemplar/Existencia Fecha de Remplazo Tipo de Material
    Dewey Decimal Classification     Colección General Biblioteca FUSBC Biblioteca FUSBC 28/03/2022 BIBLIA   G 222.15067 B471i 21740 05/02/2026 Ej.1 28/03/2022 Libros General

Biblioteca FUSBC | Teléfono: (57+4) 349 88 10 Ext. 141| WhatsApp (+57) 3005338115 
E-mail: biblioteca@unisbc.edu.co | Calle 76 87-14 Robledo Palenque, Medellín, Colombia

Con tecnología Koha